[Event "BCF-chT4 2223 (4NCL)"]
[Site "England"]
[Date "2023.02.05"]
[Round "6.22"]
[White "Perrett, David C"]
[Black "Machacek, Martin"]
[Result "0-1"]
[WhiteElo "1959"]
[BlackElo "2036"]
[PlyCount "66"]
[EventDate "2022.11.05"]
[EventType "team-swiss"]
[EventRounds "11"]
[EventCountry "ENG"]
[SourceTitle "EXT 2024"]
[Source "ChessBase"]
[SourceDate "2023.10.10"]
[SourceVersion "1"]
[SourceVersionDate "2023.10.10"]
[SourceQuality "1"]
[WhiteTeam "The Full Ponty"]
[BlackTeam "Poole Patzers"]
[WhiteTeamCountry "ENG"]
[BlackTeamCountry "ENG"]

1. d4 Nf6 2. Bg5 Ne4 3. Bf4 c5 4. f3 Qa5+ 5. c3 Nf6 6. d5 e6 7. e4 exd5 8. e5 Nh5 9. Be3 d4 10. Bd2 Qd8 11. g3 Nc6 12. f4 g6 13. Nf3 d6 14. Bb5 Bd7 15. 0-0 Nxe5 16. Bxd7+ Nxd7 17. cxd4 Be7 18. Nc3 Nhf6 19. f5 cxd4 20. Nb5 0-0 21. Bh6 Re8 22. Qxd4 d5 23. Rac1 Rc8 24. Kg2 Bc5 25. Qd3 Ng4 26. fxg6 Nxh6 27. gxf7+ Nxf7 28. Qxd5 Be3 29. Rxc8 Qxc8 30. Nd6 Qc2+ 31. Kh3 Qg6 32. Nxe8 Nde5 33. Nh4 Qg4+ 0-1

[Event "Czechia KP-chTA 0607"]
[Site "Czech Republic"]
[Date "2006.11.12"]
[Round "2.6"]
[White "Machacek, Martin"]
[Black "Crha, Josef"]
[Result "0-1"]
[WhiteElo "2115"]
[BlackElo "2114"]
[PlyCount "64"]
[EventDate "2006.10.29"]
[EventType "team"]
[EventRounds "11"]
[EventCountry "CZE"]
[SourceTitle "EXT 2008"]
[Source "ChessBase"]
[SourceDate "2007.11.25"]
[SourceVersion "1"]
[SourceVersionDate "2007.11.25"]
[SourceQuality "1"]
[WhiteTeam "Uholicky"]
[BlackTeam "Emerge MB B"]
[WhiteTeamCountry "CZE"]
[BlackTeamCountry "CZE"]

1. Nf3 d5 2. e4 dxe4 3. Ng5 Nf6 4. Nc3 Bf5 5. Qe2 Nc6 6. Qc4 e6 7. Ncxe4 Be7 8. Nxf6+ Bxf6 9. Ne4 Bd4 10. d3 Bxe4 11. dxe4 Qf6 12. Be3 Bxe3 13. fxe3 Qxb2 14. Rd1 0-0 15. Be2 Qf6 16. h4 Rfd8 17. Rb1 Rd7 18. Rh3 Rad8 19. g4 Na5 20. g5 Qe5 21. Qb4 b6 22. Kf2 c5 23. Qa4 Rd2 24. Rhh1 h6 25. Rbg1 hxg5 26. hxg5 Qc3 27. Rd1 Nc4 28. Rh3 Rxd1 29. Bxd1 Nb2 30. Qxa7 Nxd1+ 31. Kf1 Qd2 32. Rf3 Nxe3+ 0-1

[Event "CZE-chT3A Middle 0506  "]
[Site "Czech Republic"]
[Date "2006.02.05"]
[Round "7.5"]
[White "Bargel, Martin"]
[Black "Machacek, Martin"]
[Result "1-0"]
[WhiteElo "2102"]
[BlackElo "2130"]
[PlyCount "95"]
[EventDate "2005.10.30"]
[EventType "team"]
[EventRounds "11"]
[EventCountry "CZE"]
[SourceTitle "EXT 2009"]
[Source "ChessBase"]
[SourceDate "2008.11.26"]
[SourceVersion "1"]
[SourceVersionDate "2008.11.26"]
[SourceQuality "1"]

1. e4 Nf6 2. e5 Nd5 3. d4 d6 4. Nf3 Bg4 5. Be2 e6 6. c4 Nb6 7. Nc3 Nc6 8. exd6 cxd6 9. d5 exd5 10. cxd5 Bxf3 11. gxf3 Ne5 12. Qd4 Qf6 13. Nb5 Nxf3+ 14. Bxf3 Qxf3 15. 0-0 Kd7 16. Rd1 h5 17. Be3 Be7 18. Nxa7 Bd8 19. Nc6 bxc6 20. dxc6+ Kc8 21. c7 Bxc7 22. Rac1 Ra7 23. Qxg7 Re8 24. Bxb6 Re6 25. Qh8+ Kd7 26. Bxa7 Qg4+ 27. Kh1 Qe4+ 28. Kg1 Qg4+ 29. Kh1 Rg6 30. Rxc7+ Kxc7 31. Rc1+ Kd7 32. Qc8+ Ke7 33. Qxg4 Rxg4 34. Be3 f5 35. Rd1 f4 36. Bd4 f3 37. Bc3 h4 38. Rd4 Rg2 39. Be1 Ke6 40. Rf4 Ke5 41. Rxf3 Rg8 42. Rh3 Ke4 43. Rxh4+ Kf3 44. Bb4 Ke2 45. Bxd6 Kf1 46. Bg3 Re8 47. a4 Re4 48. a5 1-0

[Event "CZE-chT3A Middle 0506  "]
[Site "Czech Republic"]
[Date "2005.12.11"]
[Round "4.5"]
[White "Machacek, Martin"]
[Black "Gasek, Stanislav"]
[Result "1-0"]
[WhiteElo "2130"]
[BlackElo "1819"]
[PlyCount "81"]
[EventDate "2005.10.30"]
[EventType "team"]
[EventRounds "11"]
[EventCountry "CZE"]
[SourceTitle "EXT 2009"]
[Source "ChessBase"]
[SourceDate "2008.11.26"]
[SourceVersion "1"]
[SourceVersionDate "2008.11.26"]
[SourceQuality "1"]

1. Nf3 d5 2. e4 dxe4 3. Ng5 Nf6 4. Bc4 e6 5. 0-0 h6 6. Nh3 e5 7. Nc3 Nc6 8. Re1 Bg4 9. Be2 Bxh3 10. gxh3 Nd4 11. Nb5 c6 12. Nxd4 exd4 13. d3 Be7 14. dxe4 0-0 15. Bd3 Qd7 16. Qf3 Nh7 17. Qg3 Qe6 18. e5 f5 19. Bd2 Bg5 20. f4 Be7 21. b3 b5 22. a4 a6 23. Qf3 Rab8 24. axb5 axb5 25. Ra6 Rfc8 26. Qh5 Rf8 27. Kf2 Bc5 28. Rg1 Kh8 29. Rg6 Nf6 30. exf6 Rxf6 31. Rxf6 Qxf6 32. b4 Be7 33. Qxf5 Qxf5 34. Bxf5 c5 35. Re6 Bh4+ 36. Kf3 c4 37. Kg4 Bf6 38. Bg6 d3 39. c3 Rd8 40. Re8+ Rxe8 41. Bxe8 1-0

[Event "CZE-chTJ 0102"]
[Site "Czech Republic"]
[Date "2002.??.??"]
[Round "6"]
[White "Janousek, Petr"]
[Black "Machacek, Martin"]
[Result "1/2-1/2"]
[WhiteElo "2146"]
[BlackElo "1913"]
[PlyCount "80"]
[EventDate "2001.??.??"]
[EventType "team"]
[EventRounds "11"]
[EventCountry "CZE"]
[SourceTitle "EXT 2003"]
[Source "ChessBase"]
[SourceDate "2002.11.25"]
[SourceVersion "1"]
[SourceVersionDate "2002.11.25"]
[SourceQuality "1"]
[WhiteTeam "Plzen Bolevec"]
[BlackTeam "Vysehrad IV"]
[WhiteTeamCountry "CZE"]
[BlackTeamCountry "CZE"]

1. e4 c5 2. Nf3 e6 3. d4 cxd4 4. Nxd4 a6 5. Nc3 Ne7 6. Be2 Nbc6 7. Be3 Nxd4 8. Qxd4 Nc6 9. Qb6 Qxb6 10. Bxb6 Bb4 11. 0-0-0 Ba5 12. Bxa5 Nxa5 13. Rd6 Ke7 14. Rhd1 b5 15. Rb6 Nc6 16. f4 Rb8 17. Rxb8 Nxb8 18. e5 Bb7 19. Bd3 f5 20. a4 b4 21. Nb1 Rc8 22. Nd2 Bd5 23. b3 g6 24. g3 Rc7 25. Bc4 Bb7 26. Be2 Bd5 27. Bf3 Rc5 28. Bxd5 exd5 29. Nf3 Nc6 30. Rd3 a5 31. Kd2 h6 32. h3 Ke6 33. g4 g5 34. fxg5 hxg5 35. Nxg5+ Kxe5 36. Nf3+ Kf6 37. g5+ Kg6 38. h4 Kh5 39. Re3 f4 40. Rd3 Ne7 1/2-1/2

[Event "CZE-chTJ 0102"]
[Site "Czech Republic"]
[Date "2002.??.??"]
[Round "6"]
[White "Most, Zdenek"]
[Black "Machacek, Martin"]
[Result "1/2-1/2"]
[WhiteElo "2129"]
[BlackElo "1913"]
[PlyCount "112"]
[EventDate "2001.??.??"]
[EventType "team"]
[EventRounds "11"]
[EventCountry "CZE"]
[SourceTitle "EXT 2003"]
[Source "ChessBase"]
[SourceDate "2002.11.25"]
[SourceVersion "1"]
[SourceVersionDate "2002.11.25"]
[SourceQuality "1"]
[WhiteTeam "Sokolov"]
[BlackTeam "Vysehrad IV"]
[WhiteTeamCountry "CZE"]
[BlackTeamCountry "CZE"]

1. d4 Nf6 2. Nf3 g6 3. g3 Bg7 4. Bg2 d6 5. c4 0-0 6. Nc3 Nbd7 7. 0-0 e5 8. h3 c6 9. Qc2 Qe7 10. e4 Ne8 11. d5 c5 12. a3 Nc7 13. b4 f5 14. Bg5 Qf7 15. Be3 f4 16. Bd2 h6 17. bxc5 Nxc5 18. Na4 N7a6 19. Bb4 b6 20. Nxc5 Nxc5 21. Bxc5 bxc5 22. Rab1 g5 23. g4 Bf6 24. Qa4 Qc7 25. Nd2 Bd7 26. Qa6 Rfb8 27. Rfc1 Bd8 28. Bf1 Kf7 29. Kg2 Ke7 30. Nf3 Qa5 31. Qxa5 Bxa5 32. Be2 Kd8 33. h4 Bxg4 34. Nxe5 Bxe2 35. Nc6+ Kc7 36. Nxa5 g4 37. Re1 Rb6 38. Kg1 Bf3 39. Rbc1 Ra6 40. Nc6 Rxa3 41. e5 Ra2 42. exd6+ Kxd6 43. Re6+ Kc7 44. Re7+ Kd6 45. Rce1 Bxd5 46. cxd5 Kxd5 47. R7e6 g3 48. R1e5+ Kc4 49. Re4+ Kb5 50. Rxf4 gxf2+ 51. Rxf2 Rg8+ 52. Kf1 Ra1+ 53. Ke2 Ra2+ 54. Kf1 Ra1+ 55. Ke2 Ra2+ 56. Kf1 Ra1+ 1/2-1/2